000 00310nam a22001457a 4500
008 221010b ||||| |||| 00| 0 eng d
020 _a0070495823
041 _aeng
080 _a621
082 _a621PETE
100 _a19.1
101 _aENER
245 _aCHEMICAL ENGINEERING
_cPETERS
942 _2udc
_cBK
999 _c58458
_d58458